| 000 | 00846cam a22002653a 4500 | ||
|---|---|---|---|
| 001 | 40866 | ||
| 003 | PGUSA | ||
| 005 | 20140828083919.0 | ||
| 008 | 130320s2013||||xxu|||||s|||||000 1 eng d | ||
| 040 |
_aPGUSA _beng |
||
| 042 | _adc | ||
| 050 | 4 | _aPZ | |
| 100 | 1 |
_aWesterman, Percy F. _q(Percy Francis), _d1876-1959 |
|
| 245 | 1 | 4 |
_aThe Rival Submarines _h[electronic resource] / _cPercy F. Westerman |
| 260 |
_bProject Gutenberg, _c2013 |
||
| 500 | _aFirst published 1913. The date '1917' used in the first paragraph of the novel is fictitious. | ||
| 506 | _aPublic domain in the USA. | ||
| 516 | _aElectronic text | ||
| 653 | _aSubmarines (Ships) -- Juvenile fiction | ||
| 653 | _aSea stories | ||
| 700 | 1 | _aWilliams, C. Fleming | |
| 830 | 0 |
_aProject Gutenberg _v40866 |
|
| 856 | 4 | 0 | _uhttp://www.gutenberg.org/ebooks/40866 |
| 942 | _cEB | ||
| 999 |
_c270118 _d270118 |
||